00983cam a2200325 i 45000010008000000030009000080050017000170070003000340080039000370150006000760170009000820200015000910350006001060400030001120800006001420820026001482450017001742640048001913000046002393360027002853370034003123380030003465900026003766500027004026500035004299100041004649420012005059520123005179990017006400000853DO-SdBPM20250704085638.0ta100514s1998 sp a | |||| 000 f spa  a  a b  a8482382004 a  aDO-SdBPMbspacBPMSUerda a  4a808.83bP657 199822200aPinocho. h  aMadrid, España :bEditorial Ágatac1998 a[6] páginas : bilustraciones ;c24 cm. atextobtxt2rdacontent asin meciación bn2rdamedia avolumen bnc2rdacarrier  aInventariado, 2025/VM 7aCuentos infantiles 2  7aLibros ilustrados para niños aVMateo V. Control de calidad. BPMSU  2ddccBK 00102ddc708CI-GaBPMETbBPMETd2025-07-04l0oBPMSU CGI 808.83 P657 1998pBPMSU25070018r2025-07-04w2025-07-04yBK c15250d15250